Global Commercial Property Monitor (Record no. 122048)
[ view plain ]
| 000 -LEADER | |
|---|---|
| fixed length control field | 01476nam a22002057a 4500 |
| 008 - FIXED-LENGTH DATA ELEMENTS--GENERAL INFORMATION | |
| fixed length control field | 241101s2024 xxk|||||o|||| 00| 0 eng d |
| 041 ## - LANGUAGE CODE | |
| Language code of text/sound track or separate title | eng |
| 110 ## - MAIN ENTRY--CORPORATE NAME | |
| Corporate author | Royal Institution of Chartered Surveyors |
| 245 ## - TITLE STATEMENT | |
| Title | Global Commercial Property Monitor |
| Subtitle | Q3 2024 |
| Medium | [Electronic resource] |
| 260 ## - PUBLICATION INFORMATION | |
| Place of publication | London, |
| Publisher | Royal Institution of Chartered Surveyors, |
| Date | October 2024 |
| 490 ## - SERIES TITLE | |
| Series statement | RICS Global Commercial Property Monitor |
| Volume | Q3 2024 |
| 520 ## - ABSTRACT | |
| Abstract | RICS UK Commercial Property Monitor, Q3 2024: Anecdotal commentary suggests parts of the market are waiting to hear the budget before committing; 44% feel the market has shifted towards the early stages of an upturn; Small increase in occupier demand over the quarter. <br/>The commercial property market in the UK is still seeing an underwhelming market backdrop, as, anecdotally, respondents to the latest Royal Institution of Chartered Surveyors (RICS) UK Commercial Property Monitor Q3 2024 are seeing an element of waiting for the budget. |
| 650 ## - KEYWORDS | |
| Keywords | COMMERCIAL PROPERTY |
| 651 ## - SUBJECT ADDED ENTRY--GEOGRAPHIC NAME | |
| Geographic name | International |
| 690 ## - BROAD SUBJECT | |
| 9 (RLIN) | 6227 |
| Broad subject | Commercial property |
| 710 ## - ADDED CORPORATE NAME | |
| Added corporate author | Royal Institution of Chartered Surveyors |
| 856 ## - ONLINE RESOURCE | |
| Uniform Resource Identifier | <a href="https://www.rics.org/content/dam/ricsglobal/documents/market-surveys/global-commercial-property-monitors/RICS-Q3-2024-GCPM-headline-report.pdf">https://www.rics.org/content/dam/ricsglobal/documents/market-surveys/global-commercial-property-monitors/RICS-Q3-2024-GCPM-headline-report.pdf</a> |
| Public note | Available on RICS.org |
| 856 ## - ONLINE RESOURCE | |
| Uniform Resource Identifier | <a href="https://www.rics.org/profession-standards/knowledge-and-information-services">https://www.rics.org/profession-standards/knowledge-and-information-services</a> |
| Public note | If archived please email [email protected] |
| 942 ## - ADDED ENTRY ELEMENTS (KOHA) | |
| Suppress in OPAC | Do not suppress in OPAC |
| Lost status | Damaged status | Not for loan | Current library | Shelving location | Date acquired | Total Checkouts | Full call number | Date last seen | Price effective from | Koha item type |
|---|---|---|---|---|---|---|---|---|---|---|
| Virtual | Online | 01/11/2024 | PROPERTY MARKET DATA | 01/11/2024 | 01/11/2024 | Online material |